[Event "HCL-C4063"]
[Site "www.playchess.de"]
[Date "2006.02.17"]
[Round "17"]
[White "Milosforman"]
[Black "KristeK"]
[WhiteElo "878"]
[BlackElo "800"]
[PlyCount "73"]
[Result "1-0"]

1.d4 d5 2.e3 Nc6 3.Bb5 Qd6 4.Bxc6+ Qxc6 5.Bd2 Bf5 
6.Nc3 e5 7.dxe5 d4 8.exd4 Qxg2 9.Qf3 Bh3 10.Qxg2 
Bxg2 11.f3 Bxh1 12.Nce2 O-O-O 13.c4 Ne7 14.d5 f6 
15.e6 c6 16.Ng3 Bxf3 17.Nxf3 cxd5 18.c5 g6 19.Ba5 
b6 20.cxb6 axb6 21.Bxb6 Rd6 22.Rc1+ Kb7 23.Bc5 
Rxe6+ 24.Kf2 Nf5 25.Nxf5 Bxc5+ 26.Rxc5 gxf5 
27.Rxd5 Kc7 28.Rxf5 Rb8 29.b3 Ra8 30.a4 Rb8 31.Nd4 
Ree8 32.Rxf6 Kd7 33.Rf7+ Re7 34.Rxe7+ Kxe7 35.Nc6+ 
Kd6 36.Nxb8 Kc5 37.a5 1-0

[Event "HCL-C4036"]
[Site "www.playchess.de"]
[Date "2006.02.17"]
[Round "4"]
[White "Littlearza"]
[Black "FranzD"]
[WhiteElo "800"]
[BlackElo "800"]
[PlyCount "41"]
[Result "1-0"]

1.e4 d5 2.exd5 Qxd5 3.Nc3 Qe5+ 4.Be2 Nc6 5.Nf3 Qf6 
6.Nd5 Qd6 7.c4 Nf6 8.Nxf6+ exf6 9.d4 a6 10.Bd2 
Nxd4 11.Nxd4 Qxd4 12.b3 Bc5 13.O-O b5 14.cxb5 Bb7 
15.Rc1 Qe4 16.Bf3 Qe6 17.Re1 Bxf3 {du affenarsch}  
18.Rxe6+ Be7 19.Rxe7+ Kxe7 20.Rxc7+ Kd8 
21.Qxf3 1-0

[Event "HCL-A2613"]
[Site "www.playchess.de"]
[Date "2006.02.17"]
[Round "7"]
[White "TyrTRR"]
[Black "torbalan"]
[WhiteElo "1734"]
[BlackElo "1242"]
[PlyCount "27"]
[Result "1-0"]

1.e4 {hello, nice to meet you, good luck in our 
game.}  d5 {tnx... you too}  2.exd5 Qxd5 3.Nc3 Qd8 
4.d4 c6 5.Bc4 h6 6.Nf3 Nd7 7.O-O Ngf6 8.Re1 Nb6 
9.Bb3 Bg4 10.h3 Bh5 11.g4 Nxg4 12.hxg4 Bxg4 13.Ne5 
Bxd1 14.Bxf7+ {nice game =)}  1-0

[Event "HCL-B3879"]
[Site "www.playchess.de"]
[Date "2006.02.17"]
[Round "20"]
[White "Ulpe"]
[Black "RUDI"]
[WhiteElo "1604"]
[BlackElo "1234"]
[PlyCount "49"]
[Result "1-0"]

1.e4 e5 2.Nf3 Nc6 3.Bb5 Bd6 4.O-O Nge7 5.c3 O-O 
6.d4 exd4 7.cxd4 a6 8.Bd3 Ng6 9.Nc3 b5 10.e5 Be7 
11.Bxg6 fxg6 12.d5 Na7 13.d6 cxd6 {weißt Du, was 
mit dem jakajour los ist? der hat alle Spiele 
aufgegeben}  14.Qd5+ {er meint, ich spiele mit 
compi, aber ich bin ein im mit elo 2450}  Kh8 {er 
hat alle Spiele quitiert, meins auch. so kommt man 
auch zu Siegen...}  15.Qxa8 Nc6 16.exd6 Bxd6 
17.Bg5 Be7 18.Bxe7 Nxe7 19.Qe4 Re8 20.Rfe1 d6 
21.Ng5 Kg8 22.Nd5 Bf5 23.Nxe7+ Kf8 24.Nxh7+ Kf7 
25.Qd5+ 1-0

[Event "HCL-E1584"]
[Site "www.playchess.de"]
[Date "2006.02.17"]
[Round "10"]
[White "Aspirin"]
[Black "freno"]
[WhiteElo "2001"]
[BlackElo "1601"]
[PlyCount "83"]
[Result "1-0"]

1.d4 Nf6 {Hello from Paris}  2.c4 e6 3.Nf3 d5 
4.Nc3 c6 5.Bg5 Nbd7 6.e3 Be7 7.Qc2 h6 8.Bh4 Bb4 
9.Nd2 Qa5 10.Be2 Bxc3 11.bxc3 O-O 12.O-O Ne4 
13.Nxe4 dxe4 14.Be7 Re8 15.Bb4 Qf5 16.Qd2 Nf6 
17.f3 Qg6 18.Bd6 Qg5 19.Be5 exf3 20.Bxf3 Nd7 
21.Bf4 Qe7 22.e4 e5 23.Bg3 exd4 24.cxd4 Nb6 25.c5 
Nd7 26.e5 Nf8 27.Bh5 Be6 28.Rf2 Ng6 29.Raf1 Ref8 
30.Qd3 Qg5 31.Bd1 Qe7 32.Bc2 Rfd8 33.h4 Bxa2 34.h5 
Nf8 35.R2f4 Qe6 36.Bh4 Rd7 37.Qg3 Rc7 38.Bf6 {two 
bishops advantage!}  Ng6 39.hxg6 fxg6 40.Qxg6 a5 
41.Qh7+ Kf8 {so... very strong pair of bishop, as 
you said... thank you for the game}  
42.Bxg7+ 1-0

[Event "HCL-A2506"]
[Site "www.playchess.de"]
[Date "2006.02.17"]
[Round "2"]
[White "seisan"]
[Black "ppadala"]
[WhiteElo "1497"]
[BlackElo "1333"]
[PlyCount "61"]
[Result "1-0"]

1.d4 Nf6 2.c4 e6 3.Nf3 d5 4.Bg5 Be7 5.e3 O-O 6.Nc3 
c6 7.c5 b6 8.b4 a5 9.a3 Ba6 10.Bxa6 Nxa6 11.Rb1 h6 
12.Bh4 Re8 13.bxa5 bxc5 14.O-O cxd4 15.exd4 Qxa5 
16.Ne2 Qxa3 17.Rb7 Rab8 18.Rxb8 Rxb8 19.Ne5 Qd6 
20.Ng3 c5 21.Bxf6 Bxf6 22.Nh5 Bxe5 23.dxe5 Qxe5 
24.Re1 Qg5 25.f4 Qg6 26.Rf1 Nb4 27.Ng3 Nc2 28.f5 
exf5 29.Qxc2 Rc8 30.Nxf5 Kh8 31.Qa2 1-0

[Event "HCL-A2596"]
[Site "www.playchess.de"]
[Date "2006.02.17"]
[Round "7"]
[White "Maahinen"]
[Black "dynamike"]
[WhiteElo "1713"]
[BlackElo "1442"]
[PlyCount "39"]
[Result "1-0"]

1.d4 d5 2.c4 Nf6 3.Nc3 c6 4.Nf3 Nbd7 5.e3 e6 6.Bd3 
dxc4 7.Bxc4 Nb6 8.Bd3 Be7 9.O-O O-O 10.e4 c5 
11.dxc5 Bxc5 12.e5 Nfd5 13.Bxh7+ Kxh7 14.Ng5+ Kg6 
15.Qc2+ f5 16.exf6+ Kxf6 17.Nce4+ Ke5 18.Nxc5 Kd6 
19.Ngxe6 Bxe6 20.Nxb7+ 1-0

[Event "HCL-C4168"]
[Site "www.playchess.de"]
[Date "2006.02.17"]
[Round "1"]
[White "mudelta"]
[Black "donsimon"]
[WhiteElo "1163"]
[BlackElo "1100"]
[PlyCount "25"]
[Result "1-0"]

1.e4 e5 2.c4 Nf6 3.d3 c6 4.Nc3 Bb4 5.Bd2 Qb6 6.Na4 
Qa5 7.Nf3 O-O 8.Be2 d5 9.a3 Bxd2+ 10.Nxd2 d4 
11.O-O Bd7 12.b4 c5 13.bxa5 1-0

[Event "HCL-M835"]
[Site "www.playchess.de"]
[Date "2006.02.17"]
[Round "15"]
[White "mige"]
[Black "PLAYCHESS1963"]
[WhiteElo "1789"]
[BlackElo "1774"]
[PlyCount "75"]
[Result "1-0"]

1.e4 {pozdrav rodjace!!}  c5 {Gde si bre...}  
2.Nf3 d6 3.d4 cxd4 4.Nxd4 Nf6 5.Nc3 a6 6.Be3 e6 
7.Qd2 Be7 8.f3 Qc7 9.Bd3 Nc6 10.O-O O-O 11.Rfd1 
Bd7 12.Rac1 Rfd8 13.Qf2 Ne5 14.Qg3 b5 15.Kh1 Rac8 
16.Nb3 b4 17.Ne2 Nc4 18.Bxc4 Qxc4 19.Qf2 Bb5 
20.Ned4 e5 21.Nxb5 Qxb5 22.g4 d5 23.g5 Nh5 24.Rxd5 
Rxd5 25.exd5 Qxd5 26.Qf1 Nf4 27.h4 Nh5 28.Kg2 Nf4+ 
29.Bxf4 exf4 30.Qxa6 Rc6 31.Qa8+ Bf8 32.c4 Qd7 
33.Qa4 Qc8 34.c5 Ra6 35.Qxb4 Rxa2 36.Rc2 Qf5 
37.Qe4 Qxe4 38.fxe4 1-0

[Event "HCL-E1490"]
[Site "www.playchess.de"]
[Date "2006.02.17"]
[Round "10"]
[White "afraxseey2"]
[Black "Kurt_Rohrer"]
[WhiteElo "2100"]
[BlackElo "1928"]
[PlyCount "62"]
[Result "0-1"]

1.e4 c5 {Hi from Brazil,good luck!}  2.Nf3 d6 3.d4 
cxd4 4.Nxd4 Nf6 5.Bd3 a6 6.c3 Nbd7 7.Bg5 e5 8.Nf5 
Nc5 9.Bc2 Qb6 10.Qc1 Nfxe4 11.Be3 Qc6 12.Bxc5 dxc5 
13.Ne3 Be6 14.O-O Be7 15.Nd2 Nd6 16.h3 f5 17.Qd1 
O-O-O 18.Ba4 b5 19.Bc2 f4 20.Ng4 Nc4 21.Qf3 Bd5 
22.Ne4 Nd2 23.Qe2 Nxe4 24.Nxe5 Qe6 25.Bxe4 Qxe5 
26.Bf5+ Qxf5 27.Qxe7 Bb7 28.a4 Rhe8 29.Qh4 Qg6 
30.Qg4+ Qxg4 31.hxg4 Re2 0-1

[Event "HCL-C4147"]
[Site "www.playchess.de"]
[Date "2006.02.17"]
[Round "9"]
[White "epenz"]
[Black "Peanutbutterjelly"]
[WhiteElo "923"]
[BlackElo "1000"]
[PlyCount "86"]
[Result "0-1"]

1.e4 {hi}  e5 {Hello, good luck.}  2.Nf3 Nc6 3.d3 
Nf6 4.Be3 b6 5.Be2 Bb7 6.O-O Bc5 7.Bxc5 bxc5 8.c4 
O-O 9.Nc3 Ne7 10.a3 a5 11.Qc2 c6 12.h3 Re8 13.Rfe1 
Ng6 14.Qd2 Re6 15.Ng5 Rd6 16.Nf3 Qe7 17.Rab1 a4 
18.b3 Ba6 19.Nxa4 Re6 20.Rba1 Rd8 21.Nc3 d5 22.a4 
dxe4 23.Nxe4 Nxe4 24.Qe3 Nd6 25.Ng5 Rf6 26.Qxc5 
Nf5 27.Qxe7 Ngxe7 28.Bg4 h6 29.Rxe5 hxg5 30.Rd1 g6 
31.Bxf5 Nxf5 32.g4 Nd4 33.b4 Nf3+ 34.Kg2 Nxe5 
35.d4 Nxc4 36.Rd3 Nb6 37.Rd2 Rf4 38.a5 Nc4 39.Rd1 
Rfxd4 40.Rb1 Kg7 41.f3 f5 42.Kg3 R4d1 43.Rxd1 
Rxd1 0-1

[Event "HCL-C4142"]
[Site "www.playchess.de"]
[Date "2006.02.17"]
[Round "7"]
[White "aussie"]
[Black "Skipper_Robert"]
[WhiteElo "1114"]
[BlackElo "983"]
[PlyCount "67"]
[Result "1-0"]

1.e4 e5 2.Nf3 d6 3.Nc3 Be6 4.g3 Nf6 5.Bg2 c5 6.d3 
Qa5 7.Bd2 c4 8.Nd5 Qc5 9.Be3 Qa5+ 10.Bd2 Qc5 
11.Bb4 Qc6 12.Nxf6+ gxf6 13.O-O d5 14.Bxf8 Rxf8 
15.Nd2 f5 16.exf5 Bxf5 17.Nxc4 Nd7 18.Re1 f6 
19.Qf3 dxc4 20.Qxf5 Qa4 21.dxc4 Qxc4 22.Red1 O-O-O 
23.Rd6 Qb4 24.Rad1 Rf7 25.Bd5 Rg7 26.Be6 Qb5 27.c4 
Qa4 28.b3 Qxa2 29.Bxd7+ Rgxd7 30.R6xd7 Qa5 
31.R7d5+ Rd7 32.Rxa5 a6 33.Qxd7+ Kb8 
34.Rd6 1-0

[Event "HCL-M863"]
[Site "www.playchess.de"]
[Date "2006.02.17"]
[Round "1"]
[White "Duke01"]
[Black "Eaglewingz"]
[WhiteElo "1680"]
[BlackElo "1974"]
[PlyCount "74"]
[Result "0-1"]

1.e4 c5 2.Nf3 e6 3.Nc3 a6 4.a4 Nc6 5.d4 cxd4 
6.Nxd4 Qc7 7.Be2 Nf6 8.Bg5 Nxe4 9.Nxe4 Qe5 10.Nxc6 
Qxe4 11.Na5 Qxg2 12.Bf3 Qxg5 13.Nc4 Bc5 14.Nd6+ 
Bxd6 15.Qxd6 Qf5 16.Qg3 O-O 17.O-O-O d5 18.h4 Bd7 
19.Rhg1 Qf6 20.a5 Rac8 21.Qg4 Rc4 22.Qg5 Qxg5+ 
23.hxg5 Ra4 24.b3 Rxa5 25.Kb2 Rc5 26.c4 Bc6 
27.cxd5 Bxd5 28.Bxd5 Rxd5 29.Rxd5 exd5 30.Kc3 a5 
31.Kd4 f6 32.gxf6 Rxf6 33.Rg2 b5 34.Kxd5 a4 
35.bxa4 bxa4 36.Kc4 Rf3 37.Kb4 
a3 0-1

[Event "HCL-E1549"]
[Site "www.playchess.de"]
[Date "2006.02.17"]
[Round "9"]
[White "Tarrega"]
[Black "Nimzoindianboy"]
[WhiteElo "1665"]
[BlackElo "1498"]
[PlyCount "131"]
[Result "1-0"]

1.e4 {hi and gl}  e6 {HEY}  2.Nf3 d5 3.exd5 exd5 
4.d4 Bd6 5.c4 c6 6.Nc3 Ne7 7.Bd3 dxc4 8.Bxc4 Bf5 
9.O-O Nd7 10.Re1 Nb6 11.Bb3 O-O 12.h3 Nbd5 13.Ne4 
Bb4 14.Bd2 h6 15.a3 Bxd2 16.Qxd2 Re8 17.Ng3 Be6 
18.Bc2 Nf6 19.Ne4 Ned5 20.Nc5 Bc8 21.Rxe8+ Qxe8 
22.Re1 Qd8 23.Ne5 Nd7 24.Ncxd7 Bxd7 25.Qd3 Nf6 
26.Re3 Qc7 27.Rf3 Be6 28.Rxf6 gxf6 29.Qh7+ Kf8 
30.Qh8+ Ke7 31.Qxa8 a6 32.Nf3 Bc8 33.Qa7 Qf4 
34.Qc5+ Ke8 35.Bb3 Bxh3 36.Bxf7+ Kxf7 37.Qh5+ Kg7 
38.Qxh3 Qc1+ 39.Kh2 Qxb2 40.Qg4+ Kf8 41.Qh4 Kg7 
42.Qg3+ Kf8 43.Qd6+ Kf7 44.Qd7+ Kg8 45.Qe8+ Kg7 
46.Qe7+ Kg6 47.Kg3 Qb3 48.Qe3 Qd5 49.Nh4+ Kf7 
50.Qxh6 Qd6+ 51.f4 Qxa3+ 52.Kg4 Qd3 53.Qh5+ Kf8 
54.Qc5+ Kf7 55.Qh5+ Ke7 56.Nf5+ Kd7 57.Qf7+ Kc8 
58.Nd6+ Kd8 59.Qxf6+ Kc7 60.Qe7+ Kb6 61.Qxb7+ Ka5 
62.Qc7+ Kb4 63.Qb6+ Kc3 64.Qxc6+ Kd2 65.Nc4+ Ke2 
66.Qf3+ 1-0

[Event "HCL-E1545"]
[Site "www.playchess.de"]
[Date "2006.02.17"]
[Round "2"]
[White "yannick"]
[Black "ggaarrii"]
[WhiteElo "1584"]
[BlackElo "1736"]
[PlyCount "79"]
[Result "1-0"]

1.b4 {hi,good tournament}  e5 {hi, thanks, you 
too}  2.Bb2 d6 3.c4 Nf6 4.Nf3 Be7 5.Nc3 O-O 6.e4 
c6 7.d4 Bg4 8.Be2 Nbd7 9.a3 Nb6 10.dxe5 dxe5 
11.Nxe5 Bxe2 12.Qxe2 Re8 13.c5 Nbd7 14.Rd1 Qc7 
15.Nxd7 Nxd7 16.O-O Rad8 17.Qg4 Ne5 18.Qg3 Bf6 
19.Rxd8 Rxd8 20.Rd1 Rxd1+ 21.Nxd1 Qd8 22.Ne3 Nf3+ 
23.Qxf3 Bxb2 24.Nc4 Qd4 25.Nd6 Qf6 26.Qxf6 Bxf6 
27.Nxb7 Bb2 28.Nd8 Bxa3 29.Nxc6 a6 30.f4 Kf8 31.e5 
Ke8 32.Kf2 a5 33.Nxa5 Bxb4 34.Nb3 Ke7 35.c6 g5 
36.fxg5 Kd8 37.g4 Kc7 38.Nd4 Bd2 39.h4 Bf4 
40.e6 1-0

[Event "HCL-C3985"]
[Site "www.playchess.de"]
[Date "2006.02.17"]
[Round "22"]
[White "ronan48"]
[Black "valpa"]
[WhiteElo "959"]
[BlackElo "1082"]
[PlyCount "87"]
[Result "1-0"]

1.e4 {Hello !}  Nf6 2.Nc3 d5 3.e5 Nfd7 4.d4 e6 
5.Nf3 Be7 6.Bd3 O-O 7.a4 f6 8.Bf4 fxe5 9.O-O exf4 
10.Ne5 Nxe5 11.dxe5 Nc6 12.Qe2 Nd4 13.Qd2 Bg5 
14.b4 f3 15.Qe1 fxg2 16.Kxg2 Bh4 17.Kh1 Qg5 18.Rg1 
Qe7 19.Qd2 Rxf2 20.Bxh7+ Kf8 21.Qxd4 Qf7 22.Qxh4 
Rf4 23.Bg6 Rxh4 24.Bxf7 Kxf7 25.Rgf1+ Ke7 26.Nb5 
c6 27.Nd6 Rxb4 28.Rf7+ Kd8 29.Rxg7 b6 30.Rg8+ Kc7 
31.Ne8+ Kb8 32.Nd6 Kc7 33.h4 Rxh4+ 34.Kg1 Rh5 
35.Re1 Rh7 36.Re8 Bb7 37.Rxe6 Rg8+ 38.Kf2 Rh2+ 
39.Ke3 Rg3+ 40.Kf4 Rc3 41.Re7+ Kb8 42.Rxb7+ Ka8 
43.e6 Rh4+ 44.Kg5 1-0

[Event "HCL-E1546"]
[Site "www.playchess.de"]
[Date "2006.02.17"]
[Round "18"]
[White "Coolhandluke"]
[Black "XANDERKIRV"]
[WhiteElo "1491"]
[BlackElo "1472"]
[PlyCount "43"]
[Result "1-0"]

1.d4 {Looking forward to an interesting game. Good 
Luck!}  d5 {Hello and good luck.}  2.c4 e6 3.Nf3 
Nf6 4.Nc3 dxc4 5.e4 h6 6.Bxc4 c6 7.a4 Bb4 8.O-O 
Bxc3 9.bxc3 Nxe4 10.Qc2 Nf6 11.Ba3 b6 12.Ne5 Bb7 
13.Bxe6 Qc7 14.Nxf7 Ng4 15.Bd6 Qxf7 16.Bxf7+ Kxf7 
17.Qf5+ Nf6 18.Rae1 Nbd7 19.Re7+ Kg8 20.Qg6 Rh7 
21.Rfe1 Rf8 22.Rxd7 1-0

[Event "HCL-A2601"]
[Site "www.playchess.de"]
[Date "2006.02.17"]
[Round "3"]
[White "dynamike"]
[Black "Djusta"]
[WhiteElo "1462"]
[BlackElo "1268"]
[PlyCount "49"]
[Result "1-0"]

1.e4 e5 2.Nf3 Nc6 3.Bc4 h6 4.Nc3 d6 5.h3 Nf6 6.d4 
exd4 7.Nxd4 Nxd4 8.Qxd4 Be7 9.O-O Be6 10.Bxe6 fxe6 
11.Be3 Qd7 12.Rad1 b6 13.e5 c5 14.Qd3 O-O 15.exf6 
Rxf6 16.Ne4 Rf7 17.Nxd6 Rf6 18.Ne4 Qxd3 19.Nxf6+ 
Bxf6 20.Rxd3 Bxb2 21.Rfd1 c4 22.R3d8+ Rxd8 
23.Rxd8+ Kh7 24.Bd4 Bc1 25.Rd7 1-0

[Event "HCL-A2599"]
[Site "www.playchess.de"]
[Date "2006.02.17"]
[Round "4"]
[White "Aggie"]
[Black "archship"]
[WhiteElo "1325"]
[BlackElo "1233"]
[PlyCount "111"]
[Result "1/2-1/2"]

1.e4 c5 2.Bc4 d6 3.d3 g6 4.Nf3 Bg4 5.Bd5 Nc6 
6.Bxc6+ bxc6 7.O-O Bg7 8.Nbd2 d5 9.Re1 e5 10.h3 
Bxf3 11.Qxf3 Qf6 12.b3 Qxf3 13.Nxf3 Ne7 14.Ba3 
dxe4 15.dxe4 O-O 16.Bxc5 Bf6 17.Bd6 Rad8 18.Bxe5 
Bg7 19.Bxg7 Kxg7 20.c4 c5 21.e5 Nf5 22.g4 Nd4 
23.Nxd4 Rxd4 24.Kg2 f5 25.gxf5 Rxf5 26.Re2 Kf7 
27.e6+ Ke7 28.Rae1 Rf6 29.R2e5 Rd2 30.a4 Rb2 
31.R1e3 Rbxf2+ 32.Kg3 R2f5 33.R5e4 Rg5+ 34.Kh4 
Rh5+ 35.Kg4 h6 36.h4 Rhf5 37.R4e5 h5+ 38.Kg3 Rxe5 
39.Rxe5 Rxe6 40.Rxc5 Re3+ 41.Kf4 Rxb3 42.Rc7+ Kf6 
43.Rxa7 Rb4 44.Ra6+ Kg7 45.Kg5 Rxc4 46.Rxg6+ Kf7 
47.Kxh5 Rxa4 48.Rg3 Rf4 49.Kg5 Rf6 50.h5 Rd6 
51.Kh4 Rd4+ 52.Kh3 Kf6 53.h6 Rd1 54.Kg2 Rd2+ 
55.Kh3 Rd1 56.Kh2 {(offering draw)} 
 1/2-1/2

[Event "HCL-B3835"]
[Site "www.playchess.de"]
[Date "2006.02.17"]
[Round "19"]
[White "tahchiev"]
[Black "King_Slayer"]
[WhiteElo "1200"]
[BlackElo "1273"]
[PlyCount "67"]
[Result "1-0"]

1.e4 e6 2.d4 d5 3.exd5 exd5 4.Bd3 Bd6 5.Nc3 c6 
6.Nf3 Bg4 7.O-O Nf6 8.Re1+ Be7 9.Bg5 Nbd7 10.Qe2 
Be6 11.Nh4 O-O 12.f4 Bg4 13.Qxe7 Qxe7 14.Rxe7 Rfe8 
15.Rae1 Rxe7 16.Rxe7 Kf8 17.Re1 b5 18.h3 Bh5 19.g4 
Nxg4 20.hxg4 Bxg4 21.Be7+ Kg8 22.Bd6 Nf6 23.Nf5 
Rd8 24.Bc5 a6 25.Ne7+ Kh8 26.Nxc6 Rc8 27.Ne5 Be6 
28.f5 Bd7 29.Nxf7+ Kg8 30.Ne5 Bc6 31.Nxc6 Rxc6 
32.a4 Nh5 33.Nxd5 bxa4 34.Ne7+ 1-0

[Event "HCL-B3761"]
[Site "www.playchess.de"]
[Date "2006.02.17"]
[Round "3"]
[White "Roy_the_Sealed_Sword"]
[Black "ama49"]
[WhiteElo "1500"]
[BlackElo "1155"]
[PlyCount "80"]
[Result "0-1"]

1.e3 e5 {Greetings from Scotland}  2.Bc4 Nc6 3.Qf3 
Nf6 4.g4 h6 5.h4 d5 6.Bb5 Bd7 7.a4 a6 8.Bd3 Nb4 
9.Nh3 Nxd3+ 10.cxd3 Bxg4 11.Qg3 Bd6 12.b3 e4 
13.Qg2 h5 14.d4 Bb4 15.O-O Nh7 16.a5 c6 17.Ra4 Bd6 
18.Ba3 Bxa3 19.Nxa3 Qxh4 20.Rb4 Bxh3 21.Qg3 Qxg3+ 
22.fxg3 Bxf1 23.Kxf1 O-O-O 24.Nb1 Ng5 25.Ke2 f5 
26.d3 Ne6 27.dxe4 fxe4 28.Ra4 g5 29.Ra1 Rdf8 
30.Ra4 Rf3 31.Kd2 Rxg3 32.Rb4 h4 33.Nc3 h3 34.Ra4 
h2 35.Ra1 Rg1 36.Rxg1 hxg1Q 37.Ne2 Rh2 38.b4 Qf2 
39.b5 Qxe2+ 40.Kc3 Qb2+ {gg}  0-1

[Event "HCL-C4109"]
[Site "www.playchess.de"]
[Date "2006.02.17"]
[Round "19"]
[White "Dereck"]
[Black "spartan1"]
[WhiteElo "1344"]
[BlackElo "911"]
[PlyCount "43"]
[Result "1-0"]

1.e4 e5 2.Nf3 d6 3.d4 Nf6 4.dxe5 Nxe4 5.Qe2 d5 
6.Nbd2 Nc6 7.Qb5 Be7 8.Bd3 a6 9.Qa4 O-O 10.Nxe4 d4 
11.Bg5 h6 12.Bf4 Bd7 13.Nxd4 Nxd4 {We will do some 
trading now. I just hope I do not come out too 
much on the short end like I usually do.}  14.Qxd4 
c5 15.Nxc5 Bxc5 16.Qe4 g6 17.Bxh6 Re8 18.O-O-O Bc6 
19.Qc4 Qe7 20.Bxg6 Qxe5 21.Qxf7+ Kh8 
22.Qh7+ 1-0

[Event "ACL-E202"]
[Site "www.playchess.de"]
[Date "2006.02.17"]
[Round "14"]
[White "Fred31"]
[Black "ZinTho"]
[WhiteElo "1728"]
[BlackElo "1998"]
[PlyCount "62"]
[Result "0-1"]

1.e4 {Hello}  c5 2.Nf3 d6 3.Nc3 Nc6 4.Bb5 Bd7 
5.Bxc6 Bxc6 6.O-O Nf6 7.d3 e6 8.Bg5 Be7 9.Qd2 h6 
10.Bxf6 Bxf6 11.Ne2 Bxb2 12.Rab1 Bf6 13.Ng3 O-O 
14.h3 b5 15.Nh2 b4 16.Ng4 Bc3 17.Qc1 f5 18.Nh2 
fxe4 19.dxe4 Qa5 20.Ng4 Qxa2 21.Ne2 Bxe4 22.Nxc3 
bxc3 23.Ne3 d5 24.Qd1 d4 25.Ra1 Qb2 26.Qg4 Bxc2 
27.Qxe6+ Kh8 28.Nxc2 Qxc2 29.Ra6 Qd2 30.Ra2 c2 
31.Qe2 Qxe2 0-1

[Event "HCL-A2566"]
[Site "www.playchess.de"]
[Date "2006.02.17"]
[Round "9"]
[White "pop3dan"]
[Black "Djusta"]
[WhiteElo "1639"]
[BlackElo "1271"]
[PlyCount "95"]
[Result "1-0"]

1.e4 e5 2.Nf3 d6 3.d4 exd4 4.Nxd4 Nf6 5.Nc3 Bd7 
6.Bc4 Nc6 7.O-O Be7 8.Bg5 O-O 9.Nf5 Ne5 10.Nxe7+ 
Qxe7 11.Nd5 Qd8 12.Bxf6 gxf6 13.Be2 c6 14.Ne3 Be6 
15.f4 Nd7 16.Qxd6 Nb6 17.Qc5 Qd2 18.Rfe1 Rfd8 
19.Rad1 Na4 20.Qa3 Qa5 21.b4 Qc7 22.Qxa4 Qxf4 
23.Bd3 b5 24.Qa3 Kh8 25.Qc3 Rac8 26.Nf5 Qg5 27.Qd2 
Bxf5 28.Qxg5 fxg5 29.exf5 f6 30.Re6 Rdf8 31.Rde1 
Kg7 32.R6e7+ Rf7 33.Rxf7+ Kxf7 34.Re6 a6 35.Be4 c5 
36.bxc5 Rxc5 37.Rxa6 h6 38.Ra7+ Kg8 39.Bd3 h5 
40.Rb7 h4 41.Rxb5 Rc6 42.a4 Kf7 43.a5 Ke7 44.Rb7+ 
Kd8 45.a6 Kc8 46.Rf7 Rb6 47.a7 Rb1+ 
48.Kf2 1-0

[Event "HCL-C4016"]
[Site "www.playchess.de"]
[Date "2006.02.17"]
[Round "24"]
[White "valpa"]
[Black "Viking"]
[WhiteElo "1034"]
[BlackElo "980"]
[PlyCount "108"]
[Result "0-1"]

1.b4 {Welcome to the new game}  c6 2.Bb2 d5 3.e3 
Nf6 4.c4 e5 5.Bxe5 Nbd7 6.Bc3 Be7 7.Nf3 O-O 8.b5 
a5 9.bxc6 bxc6 10.cxd5 cxd5 11.Be2 Re8 12.O-O Bd6 
13.d3 Ne5 14.Nxe5 Bxe5 15.Bxe5 Rxe5 16.Nd2 Bf5 
17.d4 Re6 18.Bf3 h5 19.Bxh5 Qe7 20.Qf3 Bd3 21.Rfc1 
g6 22.Bg4 Nxg4 23.Qxg4 f5 24.Qd1 Rf8 25.Nb3 Bc4 
26.Nxa5 Bb5 27.Rc5 Qd7 28.Rb1 Ba6 29.Qf3 Rd6 
30.Nb3 Kg7 31.Nd2 Re6 32.Rxd5 Qa4 33.Ra1 Bb7 
34.Qe2 Bxd5 35.Nf3 Kf6 36.Ne5 Rc8 37.Nd3 Qc4 
38.Nf4 Qc1+ 39.Qf1 Qxf1+ 40.Rxf1 Bc4 41.Nxe6 Bxf1 
42.Kxf1 Kxe6 43.Ke2 Rc2+ 44.Kf3 g5 45.g3 g4+ 
46.Kg2 Rxa2 47.h3 Kd5 48.hxg4 fxg4 49.Kf1 Ke4 
50.Kg2 Rd2 51.Kf1 Kf3 52.Ke1 Rxf2 53.d5 Re2+ 
54.Kd1 Rxe3 0-1

[Event "HCL-B3853"]
[Site "www.playchess.de"]
[Date "2006.02.17"]
[Round "30"]
[White "evets"]
[Black "MrM"]
[WhiteElo "1367"]
[BlackElo "1199"]
[PlyCount "102"]
[Result "0-1"]

1.d4 Nf6 2.Nd2 d5 3.Ngf3 Nc6 4.c3 Bf5 5.e3 e6 
6.Bb5 Bd6 7.O-O O-O 8.Bxc6 bxc6 9.c4 Ng4 10.c5 
Nxh2 11.Nxh2 Bxh2+ 12.Kxh2 Qh4+ 13.Kg1 h6 14.Nf3 
Qd8 15.Ne5 Qe8 16.Qa4 f6 17.Nxc6 Bd3 18.Rd1 Be4 
19.Qa6 Kh7 20.Nb4 Qg6 21.Qf1 Bf3 22.Rd2 Be4 23.f3 
Bb1 {You are putting the squeeze on me.  :)}  
24.Nd3 Bxd3 25.Rxd3 c6 26.Bd2 Rab8 27.b4 a6 28.a3 
Rb7 29.Re1 Rfb8 30.e4 a5 31.exd5 exd5 32.Re6 axb4 
33.axb4 Rc8 34.f4 Qf5 35.Rde3 Qc2 36.Qa6 Rcc7 
37.Be1 Qc1 38.Kf2 Qb2+ 39.Kf3 Qxd4 40.Rxc6 Rba7 
41.Qb6 Rcb7 42.Qd8 Rbd7 43.Qc8 Qd1+ 44.Kf2 Qc2+ 
45.Kg1 Qf5 46.Re7 Qxf4 47.Rxd7 Qd4+ 48.Kh2 Qe5+ 
49.Kh1 Qxe1+ 50.Kh2 Qh4+ 51.Kg1 Ra1+ {Good game.} 
 0-1

[Event "HCL-B3879"]
[Site "www.playchess.de"]
[Date "2006.02.17"]
[Round "19"]
[White "ulibear"]
[Black "Ulpe"]
[WhiteElo "1232"]
[BlackElo "1604"]
[PlyCount "50"]
[Result "0-1"]

1.Nf3 {viel Glück!}  Nf6 2.d4 e6 3.h3 d5 4.c3 Nbd7 
5.Bf4 c5 6.dxc5 Bxc5 7.e3 O-O 8.Bd3 Re8 9.Ne5 Nxe5 
10.Bxe5 {danke vielmals :-)}  Nd7 11.Bd4 e5 
12.Bxc5 Nxc5 13.Be2 Bf5 14.b4 Ne4 15.O-O Rc8 16.c4 
dxc4 17.Qxd8 Rexd8 18.Na3 c3 19.g4 Bg6 20.Rac1 c2 
21.Bf3 Nd2 22.Kg2 Nxf1 23.Kxf1 Rc3 24.Nb5 Bd3+ 
25.Kg2 Bxb5 0-1

[Event "HCL-A2505"]
[Site "www.playchess.de"]
[Date "2006.02.17"]
[Round "14"]
[White "Jule"]
[Black "kali"]
[WhiteElo "1416"]
[BlackElo "1449"]
[PlyCount "73"]
[Result "1-0"]

1.e4 {So, jetzt haben wir schon wieder eine neue 
Station, wo wir uns gegenseitig "ärgern" können. 
Viel Spass wie immer dabei.}  e6 {Danke, 
gleichfalls...}  2.c4 d5 3.e5 d4 4.Nf3 c5 5.d3 Nc6 
6.Be2 Nge7 7.O-O Ng6 8.Bd2 Ncxe5 9.Nxe5 Nxe5 
10.Bf4 Bd6 11.Bxe5 Bxe5 12.Nd2 O-O 13.Nf3 Bf6 
14.h3 b6 15.Re1 Bb7 16.Qd2 Bxf3 17.Bxf3 Rb8 18.b4 
Qc7 19.a3 Rfe8 20.b5 Qd8 21.Bc6 Re7 22.a4 g6 23.a5 
Kg7 24.axb6 axb6 25.Ra6 Qc7 26.Rea1 Qe5 27.Re1 Qf5 
28.Be4 Qg5 29.Qxg5 Bxg5 30.g3 Ree8 31.h4 Bd2 
32.Re2 Ba5 33.Kg2 Re7 34.f4 e5 35.f5 Rc8 36.Rf2 
Rcc7 37.f6+ 1-0

[Event "HCL-A2595"]
[Site "www.playchess.de"]
[Date "2006.02.17"]
[Round "10"]
[White "PhilipKaveny"]
[Black "steady_eddie"]
[WhiteElo "1396"]
[BlackElo "1671"]
[PlyCount "71"]
[Result "1-0"]

1.e4 c5 2.g3 Nc6 3.Bg2 g6 4.c3 Bg7 5.Nf3 d5 6.exd5 
{Do you have a sense of humor I like to make quips 
but I don't want to make you undseady eddie}  Qxd5 
{go for it, I'll tell you if your becoming 
anoying}  7.O-O Qd6 8.d4 cxd4 9.Nxd4 Nxd4 10.cxd4 
Qxd4 11.Qb3 Rb8 12.Rd1 Qb6 13.Qa4+ Kf8 14.Be3 Qc7 
15.Nc3 a6 16.Nd5 Bd7 17.Qa3 Qd8 18.Bb6 Qe8 19.Nc7 
Qc8 20.Rac1 Bc6 21.Nxa6 Ra8 22.Rd8+ Qxd8 23.Bxd8 
Rxa6 24.Qd3 Bxg2 25.Kxg2 Bf6 26.Rc8 Kg7 27.Qd7 Nh6 
28.Qxb7 Rxa2 29.Bxe7 Rxc8 30.Bxf6+ Kxf6 31.Qxc8 
Kg7 32.Qc3+ Kg8 33.h3 Nf5 34.b4 h5 35.b5 Nd6 
36.Qc6 1-0

[Event "ACL-T166"]
[Site "www.playchess.de"]
[Date "2006.02.17"]
[Round "22"]
[White "Rolly"]
[Black "BDG_Girl"]
[WhiteElo "2080"]
[BlackElo "1770"]
[PlyCount "51"]
[Result "1-0"]

1.g4 d5 {Hello and good luck!}  2.h3 e5 3.Bg2 c6 
4.d4 e4 5.c4 Bd6 6.Nc3 Ne7 7.Bg5 {Merry Christmas 
and a happy new year.}  f6 8.Bd2 O-O 9.Qb3 Kh8 
10.O-O-O f5 11.f3 Qb6 12.Qxb6 axb6 13.cxd5 cxd5 
14.gxf5 e3 15.Bxe3 Nxf5 16.Bd2 Nc6 17.e4 dxe4 
18.fxe4 Nfxd4 19.Be3 Be5 20.Kb1 Be6 21.h4 Bc4 
22.Nh3 b5 23.Bf1 Be6 24.Ng5 Bg4 25.Rd2 b4 
26.Nd5 1-0

[Event "HCL-B3651"]
[Site "www.playchess.de"]
[Date "2006.02.17"]
[Round "14"]
[White "Milosforman"]
[Black "bossjos"]
[WhiteElo "999"]
[BlackElo "1341"]
[PlyCount "107"]
[Result "1/2-1/2"]

1.c4 f5 2.d4 d6 3.e3 Nf6 4.b3 g6 5.Bb2 Bg7 6.Nf3 
O-O 7.Be2 Nc6 8.d5 Ne5 9.Nxe5 dxe5 10.Bxe5 Ne4 
11.Bxg7 Kxg7 12.f3 Nf6 13.Nd2 Qd6 14.a3 e5 15.b4 
c5 16.b5 b6 17.O-O e4 18.f4 a6 19.a4 a5 20.h4 Ng4 
21.Bxg4 fxg4 22.Nxe4 Qe7 23.Ng5 Qxe3+ 24.Kh1 Rxf4 
25.Rxf4 Qxf4 26.Ne6+ Bxe6 27.dxe6 Re8 28.Qd7+ Kf8 
29.Qxh7 Rxe6 30.Qh8+ Ke7 31.Qg7+ Qf7 32.Qxf7+ Kxf7 
33.Rf1+ Ke7 34.Rf4 Kd6 35.Rxg4 Ke5 36.Kh2 Kf5 
37.Rg5+ Kf6 38.Rd5 Re4 39.Rd6+ Re6 40.Rxe6+ Kxe6 
41.Kg3 Kf5 42.Kf3 Ke5 43.Kg4 Kd4 44.Kg5 Kxc4 
45.Kxg6 Kb4 46.h5 c4 47.h6 c3 48.h7 c2 49.h8Q c1Q 
50.Qh4+ Ka3 51.g4 Qc2+ 52.Kh5 Qxa4 53.Qg3+ Ka2 
54.Qf2+ {(offering draw)}  1/2-1/2